La démographie de la France à travers les âges - Statistiques

Statistiques générales
  • Ce quiz a été pris 10 fois
  • Le résultat moyen est 9 sur 30
Statistiques - réponses
Question Réponse % Correct
En 800, quand Charlemagne devient empereur, ils sont... 8 800 000
71%
Cette année-là les Français sont 60 100 000 2003
57%
Quand commence la IIIe République, en 1876, la population est de 38 800 000
57%
Suit la période du Baby boom, si bien que les Français sont en 1960 45 500 000
57%
En 1457, la population est estimée à 11 000 000
43%
Quand estime-t-on que le territoire actuel était peuplé de 50 000 individus ? - 15000 avant JC
43%
Le seuil des 50 000 000 est passé en 1969
43%
Selon l'INSEE le pic démographique de la France sera atteint en 2044
43%
Au début du Second Empire, en 1852, il y a ... habitants 36 500 000
43%
En 1918, après quatre ans de guerre, ils sont... 38 700 000
43%
En 1945, quand le conflit s'achève le chiffre est de 39 700 000
43%
En 1939, quand commence la 2e Guerre mondiale --- personnes habitent le territoire 41 500 000
43%
En 1914, les Français sont 41 600 000
43%
Cinq ans plus tard, en 1350, ils sont 15 000 000
29%
En 1600, le chiffre serait de... 20 000 000
29%
Dix ans plus tard, en 2020, la France a en plus ... d'habitants 2 500 000
29%
En 1789, au début de la révolution, la population sur le territoire actuel est de 28 600 000
29%
On atteint les 500 000 habitants vers... - 5000 avant JC
29%
En l'an 1, les habitants sont... 7 000 000
29%
En 1500, on estime le nombre d'habitants à 14 000 000
14%
En 1816, après les guerres de la Révolution et de l'Empire, le chiffre est de 30 600 000
14%
La population vers - 2500 est d'environ 5 500 000
14%
En 2010, la France représente 13 % de la population de l'Europe soit 62 800 000
14%
Au 31 décembre 2023 la France compte ... habitants 65 834 837
14%
En 400, à la fin de l'Empire romain, il y aurait eu... habitants en "France" 12 000 000
0%
En 1226, quand St Louis accède est sacré le chiffre est de 16 000 000
0%
Combien d'années faut-il pour que les Français soient plus de 55 000 000 ? 16 ans
0%
En 1345, les "Français" sont au nombre de 20 200 000
0%
Un siècle plus tard, en 1700, alors que Louis XIV règne, le chiffre est de 21 000 000
0%
En 850, la population est estimée à... 6 000 000
0%
Aucun quiz correspondant
Distribution des résultats
% des personnes avec chaque résultat
Percentile par nombre de réponses
Votre historique - résultats
Vous n’avez pas pris ce quiz